000 00432cam a2200181ua 4500
020 _c5.50
041 _ahin
_h
082 _a891.54
_bNAR/SI
100 _aNarendra, .
245 _aSiyaramsharan gupta /
_cNarendra.
_hTextual Documents
250 _a1 /
_b.
260 _aNew Delhi :
_bNational Publishing House ,
_c1959.
300 _a213 ; .
365 _a5.50
504 _a
942 _cBK
999 _c8436
_d8436